000 00524nam a2200145 a 4500
008 120416s1974 ||||||||||||||||| || u
050 _aTJ 164 Ins
100 _aCole, J. E
245 1 0 _aInstrumentation in the power industry
_cedited by J. E. Cole
246 _aproceedings of a symposium
260 _aPittsburgh
_bISA
_c1974
300 _aviii, 160p. : ill.
350 _a0.00
995 _D0.00
_FCBU-MAIN LIBRARY (Kitwe)
_H1
_I8.50
_UDAMAGED
_ZMain Library Open Access Collection
999 _c47111
_d47111